Normal view MARC view

Entry Personal Name

Number of records used in: 3

001 - CONTROL NUMBER

  • control field: 1190638

003 - CONTROL NUMBER IDENTIFIER

  • control field: OSt

005 - DATE AND TIME OF LATEST TRANSACTION

  • control field: 20260324132806.0

008 - FIXED-LENGTH DATA ELEMENTS

  • fixed length control field: 260324|| aca||aabn | a|a d

040 ## - CATALOGING SOURCE

  • Original cataloging agency: OSt
  • Transcribing agency: OSt

100 ## - HEADING--PERSONAL NAME

  • Personal name: Stuart Schram; Zedong Mao

670 ## - SOURCE DATA FOUND

  • Source citation: Work cat.: (OSt)1789044: Stuart Schram; Zedong Mao, Mao's Road to Power: Revolutionary Writings, 1912-49: v. 6: New Stage (August 1937-1938)
Copyright @ Delhi University Library System